Giáo trình học nhanh SQL Server 2008

Tài liệu trình bày những tính năng chính của SQL Server 2008 dành cho các nhà phát triển, nhà quản trị cơ sở dữ liệu, những người đang công tác trong lĩnh vực quản lý dữ liệu doanh nghiệp và những ai quan tâm đến SQL Server 2008....

Fuld beskrivelse

Đã lưu trong:
Bibliografiske detaljer
Hovedforfatter: Trịnh, Thế Tiến
Format: Bog
Sprog:Undetermined
Udgivet: Thành phố Hồ Chí Minh Hồng Đức 2009
Fag:
Tags: Tilføj Tag
Ingen Tags, Vær først til at tagge denne postø!
Thư viện lưu trữ: Trung tâm Học liệu Trường Đại học Cần Thơ
LEADER 01069nam a2200229Ia 4500
001 CTU_159245
008 210402s9999 xx 000 0 und d
020 |c 81000 
082 |a 005.7585 
082 |b T305/T.2 
100 |a Trịnh, Thế Tiến 
245 0 |a Giáo trình học nhanh SQL Server 2008 
245 0 |c Trịnh Thế Tiến 
260 |a Thành phố Hồ Chí Minh 
260 |b Hồng Đức 
260 |c 2009 
520 |a Tài liệu trình bày những tính năng chính của SQL Server 2008 dành cho các nhà phát triển, nhà quản trị cơ sở dữ liệu, những người đang công tác trong lĩnh vực quản lý dữ liệu doanh nghiệp và những ai quan tâm đến SQL Server 2008. 
526 |a Hệ quản trị cơ sở dữ liệu địa chính 
526 |b NN297 
650 |a SQL server,Database management,Client/server computing 
904 |i Ánh Vân, Bạch Trúc 
980 |a Trung tâm Học liệu Trường Đại học Cần Thơ